000
00304nam a2200121Ia 4500
008
190216s9999||||xx |||||||||||||| ||und||
100
_a
Harley Granville Barker
245
0
_a
Prefaces To Shakespeare
260
_b
B T Batsford Ltd London
_c
1963
300
_a
333p
650
_a
English Drama
942
_c
BK
999
_c
12838
_d
12838